Entry Personal Name
Number of records used in: 1
001 - CONTROL NUMBER
003 - CONTROL NUMBER IDENTIFIER
005 - DATE AND TIME OF LATEST TRANSACTION
- control field:
20220106140542.0
008 - FIXED-LENGTH DATA ELEMENTS
- fixed length control field:
070622n| acannaabn |n aaa
010 ## - LIBRARY OF CONGRESS CONTROL NUMBER
- LC control number:
n 2007044435
040 ## - CATALOGING SOURCE
- Original cataloging agency:
DLC
- Language of cataloging:
eng
- Transcribing agency:
DLC
100 1# - HEADING--PERSONAL NAME
- Personal name:
Carlucci, Donald E.
670 ## - SOURCE DATA FOUND
- Source citation:
Carlucci, Donald E. Ballistics, 2008:
- Information found:
e-CIP t.p. (Donald E. Carlucci)